| 000 | 00587nam a2200205 4500 | ||
|---|---|---|---|
| 003 | OSt | ||
| 005 | 20240730071930.0 | ||
| 006 | a | ||
| 008 | 240730b |||||||| |||| 00| 0 eng d | ||
| 020 | _a9780071221771 | ||
| 040 |
_aDWCL-Main lib. _cOC |
||
| 082 | _aCirc. 530 B344u 2011 | ||
| 100 | _aBauer, Wolfgang | ||
| 245 | _aUniversity physics with modern physics / | ||
| 260 |
_aN.Y. : _bMcGraw-Hill, _cc2011. |
||
| 300 |
_axxxi, _b(various paging) : ill. ( some col.) ; _c28 cm. |
||
| 504 | _aIncludes index. | ||
| 650 | _a1. Physics-Textbooks. | ||
| 942 |
_2ddc _n0 _cBK-CIRC _kCirc. |
||
| 999 |
_c2978 _d2978 |
||